|
|
|
|
| LEADER |
00000cam a2200000 c 4500 |
| 001 |
1334310890 |
| 003 |
DE-627 |
| 005 |
20251016125929.0 |
| 007 |
tu |
| 008 |
070502s1954 xx ||||| 00| ||ger c |
| 035 |
|
|
|a (DE-627)1334310890
|
| 035 |
|
|
|a (DE-576)264310896
|
| 035 |
|
|
|a (DE-599)BSZ264310896
|
| 035 |
|
|
|a (OCoLC)73757973
|
| 035 |
|
|
|a (OCoLC)73757973
|
| 040 |
|
|
|a DE-627
|b ger
|c DE-627
|e rda
|
| 041 |
|
|
|a ger
|
| 084 |
|
|
|a 0
|2 ssgn
|
| 100 |
0 |
|
|e VerfasserIn
|0 (DE-588)118805533
|0 (DE-627)079580092
|0 (DE-576)209509740
|4 aut
|a Vivekānanda
|c Svāmī
|d 1863-1902
|
| 109 |
|
|
|a Narendra Nath Dutt 1863-1902
|a Bibekānanda 1863-1902
|a Vivekananda 1863-1902
|a Narendranātha Datta 1863-1902
|a Vivēkananta 1863-1902
|a Bibekānanda Svāmī 1863-1902
|a Pien-hsi 1863-1902
|a Vivekananda, Swami 1863-1902
|a Bianxi 1863-1902
|a Vivekananda, Svāmī 1863-1902
|a Vivēkānantar 1863-1902
|a Vivekânanda Swâmi 1863-1902
|a Dutt, Narendranath 1863-1902
|a Vivekānanda Swami 1863-1902
|a Vivekānanda Svāmī 1863-1902
|a Wiwekananda 1863-1902
|a Vivekananda Suomi 1863-1902
|a Swami Vivekananda 1863-1902
|a Vivekananda Swami 1863-1902
|a Datta, Narendranatha 1863-1902
|a Daata, Narendranātha 1863-1902
|a Datta, Narendranāth 1863-1902
|
| 240 |
1 |
0 |
|a [Werke, Ausz., dt.]
|
| 245 |
1 |
0 |
|a So spricht Vivekananda
|c Vivekânanda ; von Fritz Kraus bearbeitet
|
| 264 |
|
1 |
|a München-Planegg
|b Otto Wilhelm Barth-verlag
|c 1954
|
| 300 |
|
|
|a 126 Seiten
|
| 336 |
|
|
|a Text
|b txt
|2 rdacontent
|
| 337 |
|
|
|a ohne Hilfsmittel zu benutzen
|b n
|2 rdamedia
|
| 338 |
|
|
|a Band
|b nc
|2 rdacarrier
|
| 490 |
0 |
|
|a Lebendige Quellen zum Wissen um die Ganzheit des Menschen
|
| 583 |
1 |
|
|a Archivierung prüfen
|c 20250503
|f DE-640
|z 2
|2 pdager
|
| 650 |
0 |
7 |
|0 (DE-588)4200757-4
|0 (DE-627)105171190
|0 (DE-576)210137711
|a Miniaturbuch
|2 gnd
|
| 700 |
1 |
|
|a Kraus, Fritz
|e HerausgeberIn
|4 edt
|
| 700 |
1 |
|
|e HerausgeberIn
|0 (DE-588)117296090
|0 (DE-627)078734606
|0 (DE-576)291275184
|4 edt
|a Werle, Fritz
|d 1899-1977
|
| 889 |
|
|
|w (DE-627)407342087
|
| 935 |
|
|
|a mteo
|
| 935 |
|
|
|i mdedup
|
| 951 |
|
|
|a BO
|
| ELC |
|
|
|b 1
|
| LOK |
|
|
|0 000 xxxxxcx a22 zn 4500
|
| LOK |
|
|
|0 001 4426834430
|
| LOK |
|
|
|0 003 DE-627
|
| LOK |
|
|
|0 004 1334310890
|
| LOK |
|
|
|0 005 20231218173235
|
| LOK |
|
|
|0 008 231205||||||||||||||||ger|||||||
|
| LOK |
|
|
|0 040
|a DE-Tue135
|c DE-627
|d DE-Tue135
|
| LOK |
|
|
|0 092
|o n
|
| LOK |
|
|
|0 852
|a DE-Tue135
|
| LOK |
|
|
|0 852 1
|9 00
|
| LOK |
|
|
|0 935
|a hdsa
|
| LOK |
|
|
|0 939
|a 05-12-23
|b l01
|
| ORI |
|
|
|a SA-MARC-ixtheoa001.raw
|
| REL |
|
|
|a 1
|
| STA |
0 |
0 |
|a Miniature book
|
| STB |
0 |
0 |
|a Livre miniature
|
| STC |
0 |
0 |
|a Libro em miniatura
|
| STD |
0 |
0 |
|a Libro in miniatura
|
| STG |
0 |
0 |
|a Livro em miniatura
|
| STH |
0 |
0 |
|a Миниатюрная книга
|
| STI |
0 |
0 |
|a Βιβλίο-μινιατούρα
|
| SUB |
|
|
|a REL
|
| SYE |
0 |
0 |
|a Kleinstbuch,Zwergbuch,Minibuch
|